[Event "Werner-Ott-Open Kreuzberger Sommer 2017"]
[Site "Berlin"]
[Date "2017.07.21"]
[Round "7.1"]
[White "Klenburg, Michael"]
[Black "Stern, Rene"]
[Result "0-1"]
[WhiteElo "2362"]
[BlackElo "2488"]
[PlyCount "82"]
[EventDate "2017.07.15"]
[EventType "swiss"]
[EventRounds "9"]
[EventCountry "GER"]
[SourceTitle "WOOKS 2017"]
[Source "SC Kreuzberg"]
[SourceDate "2017.07.21"]
[SourceVersion "1"]
[SourceVersionDate "2017.07.21"]
[SourceQuality "1"]
[WhiteTeam "Beer Sheva CC"]
[BlackTeam "SK Koenig Tegel 1949"]
[WhiteTeamCountry "ISR"]
[BlackTeamCountry "GER"]

1. Nf3 Nf6 2. g3 e6 3. Bg2 d5 4. O-O Be7 5. d3 O-O 6. Nbd2 a5 7. e4 a4 8. a3
Nc6 9. Re1 dxe4 10. dxe4 e5 11. c3 Bc5 12. h3 h6 13. Nh4 Qd3 14. Qf3 Qxf3 15.
Nhxf3 Be6 16. Bf1 Nd7 17. Nc4 Rfd8 18. Kg2 f6 19. Ne3 Na5 20. Nd2 Nb6 21. Rb1
Rd7 22. f4 Bxe3 23. Rxe3 Nbc4 24. Bxc4 Bxc4 25. Nxc4 Nxc4 26. Re1 Rd3 27. Kf2
Rad8 28. Be3 g5 29. f5 h5 30. Re2 Kf7 31. Rbe1 b6 32. Bc1 Rh8 33. Be3 h4 34. g4
Rhd8 35. Rf1 R8d6 36. Rfe1 Ke8 37. Rf1 Kd7 38. Rfe1 Kc6 39. Rf1 Kb5 40. Rfe1
Nxe3 41. Rxe3 Kc4 0-1

[Event "Werner-Ott-Open Kreuzberger Sommer 2017"]
[Site "Berlin"]
[Date "2017.07.21"]
[Round "7.2"]
[White "Malek, Daniel"]
[Black "Berger, Steve"]
[Result "1-0"]
[WhiteElo "2382"]
[BlackElo "2411"]
[PlyCount "81"]
[EventDate "2017.07.15"]
[EventType "swiss"]
[EventRounds "9"]
[EventCountry "GER"]
[SourceTitle "WOOKS 2017"]
[Source "SC Kreuzberg"]
[SourceDate "2017.07.21"]
[SourceVersion "1"]
[SourceVersionDate "2017.07.21"]
[SourceQuality "1"]
[WhiteTeam "SK Zehlendorf"]
[BlackTeam "SK Koenig Tegel 1949"]
[WhiteTeamCountry "GER"]
[BlackTeamCountry "GER"]

1. d4 g6 2. c4 Bg7 3. e4 e6 4. Nf3 Ne7 5. Be2 d5 6. cxd5 exd5 7. e5 c5 8. dxc5
Nbc6 9. Nc3 O-O 10. Bf4 Qa5 11. O-O Qxc5 12. Rc1 Qa5 13. a3 h6 14. h3 g5 15.
Bh2 Be6 16. Re1 a6 17. Na4 b5 18. Nc5 Qb6 19. b4 a5 20. Qd2 axb4 21. axb4 d4
22. Nxe6 fxe6 23. Rc5 d3 24. Bxd3 Rfd8 25. Qe2 Rd5 26. Rxb5 Rxb5 27. Bxb5 Nxb4
28. Bc4 Nbd5 29. Bg3 Ra5 30. Kh2 Nf5 31. Qd3 Qc7 32. Re4 Qe7 33. Nd4 Qf7 34.
Qb3 Nfe7 35. Qb8+ Kh7 36. Qd6 Qg6 37. Bd3 Nf5 38. Qxe6 Nb4 39. Bb1 Ra1 40.
Qxg6+ Kxg6 41. Re1 1-0

[Event "Werner-Ott-Open Kreuzberger Sommer 2017"]
[Site "Berlin"]
[Date "2017.07.21"]
[Round "7.3"]
[White "Muse, Drazen"]
[Black "Barath, Madhan"]
[Result "1/2-1/2"]
[WhiteElo "2353"]
[BlackElo "2227"]
[PlyCount "140"]
[EventDate "2017.07.15"]
[EventType "swiss"]
[EventRounds "9"]
[EventCountry "GER"]
[SourceTitle "WOOKS 2017"]
[Source "SC Kreuzberg"]
[SourceDate "2017.07.21"]
[SourceVersion "1"]
[SourceVersionDate "2017.07.21"]
[SourceQuality "1"]
[WhiteTeam "SK Koenig Tegel 1949"]
[BlackTeam "SC Zugzwang 95"]
[WhiteTeamCountry "GER"]
[BlackTeamCountry "GER"]

1. e4 c5 2. Nf3 d6 3. Nc3 Nf6 4. e5 dxe5 5. Nxe5 Nbd7 6. Nc4 Nb6 7. b3 Bg4 8.
Be2 Bxe2 9. Qxe2 e6 10. Bb2 Be7 11. Nxb6 Qxb6 12. Ne4 O-O-O 13. Ng5 Rhf8 14. h4
h6 15. Nf3 Ne8 16. a4 Bf6 17. Be5 Bxe5 18. Nxe5 Nc7 19. a5 Qd6 20. Nc4 Qc6 21.
O-O Nb5 22. a6 b6 23. c3 Nd6 24. d4 Nxc4 25. Qxc4 Rd5 26. Qe2 cxd4 27. cxd4 Kd7
28. Rfc1 Qd6 29. Rc4 Ke7 30. Qg4 g6 31. Rac1 Rd8 32. Rc7+ Rd7 33. Rxd7+ Kxd7
34. Qf3 Ke7 35. g3 b5 36. b4 Qxa6 37. Rc7+ Rd7 38. Rxd7+ Kxd7 39. Qxf7+ Kd6 40.
Qf8+ Kd5 41. Qc5+ Ke4 42. Kg2 Kd3 43. d5 exd5 44. Qe3+ Kc2 45. Qxh6 d4 46. h5
Qb7+ 47. f3 gxh5 48. Qxh5 Qa6 49. Qc5+ Kd3 50. g4 Qa2+ 51. Kg3 Qc4 52. g5 Ke2
53. Qe5+ Kf1 54. g6 d3 55. Qe3 Qc2 56. g7 Qc7+ 57. Kh4 Qxg7 58. Qxd3+ Kg2 59.
f4 Qf6+ 60. Kg4 Qg7+ 61. Kh5 Qf7+ 62. Kg5 Qe7+ 63. Kh5 Qf7+ 64. Kg5 Qe7+ 65.
Kg4 Qg7+ 66. Kh4 Qf6+ 67. Kh5 Qf7+ 68. Kg5 Qe7+ 69. Kg6 Qe6+ 70. Kh5 Qf7+
1/2-1/2

[Event "Werner-Ott-Open Kreuzberger Sommer 2017"]
[Site "Berlin"]
[Date "2017.07.21"]
[Round "7.4"]
[White "Von Herman, Ulf"]
[Black "Melamed, Tatjana"]
[Result "1/2-1/2"]
[WhiteElo "2345"]
[BlackElo "2346"]
[PlyCount "147"]
[EventDate "2017.07.15"]
[EventType "swiss"]
[EventRounds "9"]
[EventCountry "GER"]
[SourceTitle "WOOKS 2017"]
[Source "SC Kreuzberg"]
[SourceDate "2017.07.21"]
[SourceVersion "1"]
[SourceVersionDate "2017.07.21"]
[SourceQuality "1"]
[WhiteTeam "SK Koenig Tegel 1949"]
[BlackTeam "AE Magdeburg"]
[WhiteTeamCountry "GER"]
[BlackTeamCountry "GER"]

1. g3 g6 2. Bg2 Bg7 3. c4 Nf6 4. Nc3 O-O 5. e4 c5 6. Nge2 Nc6 7. O-O d6 8. d3
a6 9. Rb1 Rb8 10. a4 Ne8 11. Be3 Nc7 12. d4 cxd4 13. Nxd4 Ne6 14. Nde2 Nb4 15.
Nd5 Nxd5 16. exd5 Nc7 17. Qd2 Bf5 18. Rbc1 Qd7 19. a5 Bh3 20. Bxh3 Qxh3 21. b4
Rfd8 22. Bb6 Rd7 23. Qd3 Ne8 24. Rfd1 Nf6 25. Nf4 Qh6 26. Qe2 g5 27. Ng2 Qg6
28. Rd3 Rc8 29. Re3 Nxd5 30. Rb3 Nxb6 31. axb6 d5 32. c5 d4 33. Qc4 Qc6 34. h4
h6 35. hxg5 hxg5 36. f4 Rcd8 37. Rd3 Rd5 38. Rf1 gxf4 39. gxf4 Rh5 40. Rg3 Kf8
41. Qe2 Qh6 42. Kf2 d3 43. Rxd3 Bd4+ 44. Ke1 Rh2 45. Qe4 Qg7 46. Rg1 Bc3+ 47.
Kf1 Rxd3 48. Qxd3 Qd4 49. Qxd4 Bxd4 50. c6 Rh6 51. b5 axb5 52. c7 Rc6 53. Rh1
b4 54. Ke2 Kg7 55. Rb1 Bxb6 56. Rxb4 Bxc7 57. Rxb7 Kf6 58. Rb5 e6 59. Rb3 Rc4
60. Kf3 Bd6 61. Rd3 Bc7 62. Ra3 Rc1 63. Rb3 Rf1+ 64. Ke2 Rh1 65. Rb5 Rh3 66.
Kf2 Rc3 67. Ke2 Bd6 68. f5 e5 69. Rb6 Rc2+ 70. Kf3 Rd2 71. Ne3 Rd3 72. Ke2 Rd4
73. Nc2 Rd5 74. Ne3 1/2-1/2

[Event "Werner-Ott-Open Kreuzberger Sommer 2017"]
[Site "Berlin"]
[Date "2017.07.21"]
[Round "7.5"]
[White "Gebigke, Martin"]
[Black "Abel, Dennes"]
[Result "0-1"]
[WhiteElo "2114"]
[BlackElo "2466"]
[PlyCount "92"]
[EventDate "2017.07.15"]
[EventType "swiss"]
[EventRounds "9"]
[EventCountry "GER"]
[SourceTitle "WOOKS 2017"]
[Source "SC Kreuzberg"]
[SourceDate "2017.07.21"]
[SourceVersion "1"]
[SourceVersionDate "2017.07.21"]
[SourceQuality "1"]
[WhiteTeam "SC Kreuzberg"]
[BlackTeam "SF Berlin 1903"]
[WhiteTeamCountry "GER"]
[BlackTeamCountry "GER"]

1. d4 e6 2. c4 Nf6 3. Nc3 Bb4 4. e3 c5 5. Bd3 Nc6 6. Nf3 d6 7. O-O Bxc3 8. bxc3
e5 9. e4 b6 10. Re1 Qe7 11. d5 Na5 12. Nd2 Nd7 13. Nf1 Ba6 14. Qa4 O-O 15. Re3
Kh8 16. Rh3 f5 17. exf5 e4 18. Re3 Ne5 19. Rxe4 Qf6 20. Rxe5 Qxe5 21. Bd2 Qe8
22. Qxe8 Raxe8 23. Ne3 Kg8 24. Rf1 Rxe3 25. fxe3 Bxc4 26. Bxc4 Nxc4 27. Bc1 Re8
28. Re1 Re4 29. Kf2 Ne5 30. Ke2 Rc4 31. Bd2 Ra4 32. Ra1 Kf7 33. h3 h5 34. Be1
Kf6 35. g4 hxg4 36. Bh4+ Kxf5 37. hxg4+ Rxg4 38. Be7 Rg2+ 39. Kf1 Rg6 40. a4
Ke4 41. a5 Nc4 42. Kf2 Nxe3 43. Ra4+ c4 44. axb6 Rg2+ 45. Ke1 Kd3 46. Rxa7 Re2#
0-1

[Event "Werner-Ott-Open Kreuzberger Sommer 2017"]
[Site "Berlin"]
[Date "2017.07.21"]
[Round "7.7"]
[White "Polatel, Ali"]
[Black "Pueschel, Werner"]
[Result "1-0"]
[WhiteElo "2211"]
[BlackElo "2012"]
[PlyCount "55"]
[EventDate "2017.07.15"]
[EventType "swiss"]
[EventRounds "9"]
[EventCountry "GER"]
[SourceTitle "WOOKS 2017"]
[Source "SC Kreuzberg"]
[SourceDate "2017.07.21"]
[SourceVersion "1"]
[SourceVersionDate "2017.07.21"]
[SourceQuality "1"]
[WhiteTeam "SC Zugzwang 95"]
[BlackTeam "SVg Lasker Steglitz-Wilmersdorf"]
[WhiteTeamCountry "GER"]
[BlackTeamCountry "GER"]

1. c4 b6 2. Nc3 Bb7 3. e4 d6 4. d4 g6 5. Be3 Bg7 6. Qd2 Nd7 7. g4 h6 8. h4 e6
9. O-O-O Ne7 10. f4 Nf6 11. Qg2 h5 12. gxh5 Nxh5 13. Nf3 Qd7 14. d5 O-O-O 15.
Ng5 Rdf8 16. Qf2 e5 17. Bh3 f5 18. Ne6 exf4 19. Bd4 Bxd4 20. Qxd4 Rfg8 21. Rhe1
a6 22. Kb1 Kb8 23. a4 Bc8 24. a5 Ka7 25. e5 dxe5 26. Rxe5 Qd6 27. Nxc7 Qxc7 28.
axb6+ 1-0

[Event "Werner-Ott-Open Kreuzberger Sommer 2017"]
[Site "Berlin"]
[Date "2017.07.21"]
[Round "7.9"]
[White "Pubantz, Jan"]
[Black "Krefenstein, Sergej"]
[Result "1/2-1/2"]
[WhiteElo "2013"]
[BlackElo "2183"]
[PlyCount "133"]
[EventDate "2017.07.15"]
[EventType "swiss"]
[EventRounds "9"]
[EventCountry "GER"]
[SourceTitle "WOOKS 2017"]
[Source "SC Kreuzberg"]
[SourceDate "2017.07.21"]
[SourceVersion "1"]
[SourceVersionDate "2017.07.21"]
[SourceQuality "1"]
[WhiteTeam "SK Ricklingen"]
[BlackTeam "TuS Makkabi Berlin"]
[WhiteTeamCountry "GER"]
[BlackTeamCountry "GER"]

1. d4 Nf6 2. c4 c5 3. Nf3 cxd4 4. Nxd4 Nc6 5. Nc3 e6 6. Ndb5 d6 7. Bf4 e5 8.
Bg5 a6 9. Bxf6 gxf6 10. Na3 f5 11. e3 Bg7 12. Be2 O-O 13. O-O Be6 14. Qd2 Rc8
15. Rfd1 Qa5 16. Nd5 Qxd2 17. Rxd2 e4 18. Nb6 Rc7 19. Rad1 Nb4 20. Nc2 Nxc2 21.
Rxc2 Be5 22. Nd5 Rd7 23. Nb6 {(=)} Rdd8 24. Rcd2 f4 25. c5 fxe3 26. fxe3 Bxa2
27. Bc4 Bxc4 28. Nxc4 Rc8 29. Rd5 Bg7 30. Nxd6 Rc7 31. b4 h6 32. Nf5 Bc3 33.
Rb1 Kh7 34. Rb3 Bg7 35. Nxg7 Kxg7 36. Rb1 Re8 37. Rf1 Re6 38. Rff5 Rce7 39. Rf4
{(=)} Rf6 40. Rg4+ Rg6 41. Rf4 Rg5 42. Rd4 Rge5 43. Rg4+ Kh7 44. Rd6 R5e6 45.
Rd5 Rg6 46. Rf4 Kg7 47. Rd4 Rge6 48. g4 Kg6 49. Kg2 Re5 50. Kg3 a5 51. bxa5
Rxc5 52. Rfxe4 Rxe4 53. Rxe4 Rxa5 54. Rb4 b5 55. Kh4 {(=)} f6 56. Rb3 Kg7 57.
Rb2 Kg6 58. Rb3 f5 59. gxf5+ Kxf5 60. Kh5 Kf6 {(=)} 61. Kxh6 Ra8 62. Kh5 Rb8
63. Rb4 Kf5 64. Kh4 Ke5 65. Kg4 Kd5 66. h4 Kc5 67. Rb1 {(=)} 1/2-1/2

[Event "Werner-Ott-Open Kreuzberger Sommer 2017"]
[Site "Berlin"]
[Date "2017.07.21"]
[Round "7.10"]
[White "Jurkatis, Hagen"]
[Black "Feil, Stephan"]
[Result "1-0"]
[WhiteElo "1988"]
[BlackElo "2108"]
[PlyCount "135"]
[EventDate "2017.07.15"]
[EventType "swiss"]
[EventRounds "9"]
[EventCountry "GER"]
[SourceTitle "WOOKS 2017"]
[Source "SC Kreuzberg"]
[SourceDate "2017.07.21"]
[SourceVersion "1"]
[SourceVersionDate "2017.07.21"]
[SourceQuality "1"]
[WhiteTeam "SG Weissensee 49"]
[BlackTeam "SK Ladenburg"]
[WhiteTeamCountry "GER"]
[BlackTeamCountry "GER"]

1. f4 d5 2. Nf3 g6 3. g3 Bg7 4. Bg2 Nf6 5. O-O O-O 6. d3 c5 7. Nc3 d4 8. Ne4
Nxe4 9. dxe4 e5 10. f5 Nc6 11. g4 h6 12. g5 hxg5 13. fxg6 f6 14. h4 g4 15. Ne1
f5 16. exf5 Qxh4 17. e4 dxe3 18. Bxe3 Bxf5 19. Bxc5 Bh6 20. Bd5+ Kh8 21. Ng2
Qh3 22. Bxf8 Bxf8 23. Rxf5 Bc5+ 24. Kf1 Qh1+ 25. Ke2 Nd4+ 26. Kd2 Qh6+ 27. Kd3
Nxf5 28. Qxg4 e4+ 29. Qxe4 Qh3+ 30. Qf3 Qxf3+ 31. Bxf3 Rd8+ 32. Kc4 b6 33. Rd1
Rf8 34. Kc3 Nd4 35. Be4 Nb5+ 36. Kd2 Nd6 37. Rh1+ Kg7 38. Rh7+ Kf6 39. Bd3 Ke5
40. Rh5+ Ke6 41. Rg5 Kf6 42. Rg4 Nf5 43. Rf4 Kxg6 44. Rxf5 Rxf5 45. Nh4+ Kf6
46. Nxf5 Ke5 47. c3 a5 48. Kc2 Kd5 49. Kb3 Kc6 50. Nd4+ Kb7 51. Ka4 Kb8 52. Kb5
Kb7 53. Be4+ Kc8 54. a3 Kd7 55. b4 axb4 56. axb4 Bd6 57. Kxb6 Bg3 58. b5 Be1
59. c4 Bf2 60. Kc5 Kc7 61. b6+ Kb8 62. Kd5 Bg1 63. c5 Kb7 64. Kd6+ Ka6 65. Nf3
Bf2 66. b7 Ka7 67. c6 Bg3+ 68. Ne5 1-0

[Event "Werner-Ott-Open Kreuzberger Sommer 2017"]
[Site "Berlin"]
[Date "2017.07.21"]
[Round "7.11"]
[White "Silz, Elisa"]
[Black "Boettcher, Patrick"]
[Result "1-0"]
[WhiteElo "2006"]
[BlackElo "2104"]
[PlyCount "79"]
[EventDate "2017.07.15"]
[EventType "swiss"]
[EventRounds "9"]
[EventCountry "GER"]
[SourceTitle "WOOKS 2017"]
[Source "SC Kreuzberg"]
[SourceDate "2017.07.21"]
[SourceVersion "1"]
[SourceVersionDate "2017.07.21"]
[SourceQuality "1"]
[WhiteTeam "SV Empor Berlin"]
[BlackTeam "SC Zitadelle Spandau 1977"]
[WhiteTeamCountry "GER"]
[BlackTeamCountry "GER"]

1. d4 Nf6 2. Nf3 c5 3. d5 g6 4. Nc3 Bg7 5. e4 d6 6. Bb5+ Bd7 7. a4 O-O 8. O-O
Bg4 9. Be2 Bxf3 10. Bxf3 Na6 11. Be2 Nc7 12. Bf4 Nd7 13. Qd2 Re8 14. Bg5 a6 15.
a5 b5 16. axb6 Nxb6 17. Ra3 Qd7 18. Nd1 Nb5 19. Rg3 e6 20. c3 exd5 21. exd5
Rac8 22. Bg4 f5 23. Bf3 Nc4 24. Qf4 Ne5 25. Ne3 Nd3 26. Qh4 Be5 27. Rh3 Nxb2
28. Nxf5 gxf5 29. Bh5 Nxc3 30. Bf6 Bxf6 31. Qxf6 Ne4 32. Qxb2 Re7 33. f3 Ng5
34. Rg3 Rg7 35. h4 h6 36. hxg5 hxg5 37. Re1 c4 38. Qf6 Qa7+ 39. Kh2 Rf8 40.
Qxf8+ 1-0

[Event "Werner-Ott-Open Kreuzberger Sommer 2017"]
[Site "Berlin"]
[Date "2017.07.21"]
[Round "7.12"]
[White "Federau, Juergen"]
[Black "Acikel, Mert"]
[Result "1/2-1/2"]
[WhiteElo "2103"]
[BlackElo "1808"]
[PlyCount "70"]
[EventDate "2017.07.15"]
[EventType "swiss"]
[EventRounds "9"]
[EventCountry "GER"]
[SourceTitle "WOOKS 2017"]
[Source "SC Kreuzberg"]
[SourceDate "2017.07.21"]
[SourceVersion "1"]
[SourceVersionDate "2017.07.21"]
[SourceQuality "1"]
[WhiteTeam "SC Kreuzberg"]
[BlackTeam "SK Koenig Tegel 1949"]
[WhiteTeamCountry "GER"]
[BlackTeamCountry "GER"]

1. d4 d5 2. c4 e6 3. Nc3 Nf6 4. cxd5 exd5 5. Bg5 Be7 6. e3 O-O 7. Bd3 Nbd7 8.
Nge2 c6 9. Qc2 Re8 10. O-O Nf8 11. f3 g6 12. Rad1 Ne6 13. Bh4 b5 14. Kh1 Bb7
15. h3 Rc8 16. Bf2 a6 17. Qd2 c5 18. dxc5 Bxc5 19. Bc2 Qb6 20. Rfe1 Rcd8 21.
Nd4 Nxd4 22. exd4 Bf8 23. Bg3 Bg7 24. Be5 Nh5 25. Bxg7 Nxg7 26. Ne2 Ne6 27. f4
Ng7 28. Ng3 Qd6 29. Re5 f6 30. Re2 Rxe2 31. Nxe2 Re8 32. Rf1 Qe7 33. Rf2 Nh5
34. Kg1 Ng7 35. Kh2 Qd6 {(=)} 1/2-1/2

[Event "Werner-Ott-Open Kreuzberger Sommer 2017"]
[Site "Berlin"]
[Date "2017.07.21"]
[Round "7.13"]
[White "Wierzbicki, Jirawat"]
[Black "Matitschka, Johannes"]
[Result "1-0"]
[WhiteElo "2081"]
[BlackElo "1630"]
[PlyCount "75"]
[EventDate "2017.07.15"]
[EventType "swiss"]
[EventRounds "9"]
[EventCountry "GER"]
[SourceTitle "WOOKS 2017"]
[Source "SC Kreuzberg"]
[SourceDate "2017.07.21"]
[SourceVersion "1"]
[SourceVersionDate "2017.07.21"]
[SourceQuality "1"]
[WhiteTeam "SK Koenig Tegel 1949"]
[BlackTeam "TSG Oberschoeneweide"]
[WhiteTeamCountry "GER"]
[BlackTeamCountry "GER"]

1. e4 c5 2. c3 Nc6 3. d4 e6 4. Nf3 cxd4 5. cxd4 Nf6 6. e5 Nd5 7. Bc4 Nb6 8. Bb3
d5 9. exd6 Bxd6 10. a3 O-O 11. O-O Bd7 12. Nc3 Ne7 13. Qd3 Qc7 14. Bc2 Ng6 15.
h4 Qc4 16. Qd1 Nd5 17. Ne4 Be7 18. h5 Ngf4 19. Ne5 Qc7 20. g3 Bb5 21. Re1 Nxh5
22. Nc3 Nxc3 23. Qxh5 g6 24. Qf3 Ne2+ 25. Rxe2 Bxe2 26. Qxe2 Rac8 27. Bb3 Qb6
28. Qd3 Rfd8 29. Qf3 f6 30. Ng4 Rxd4 31. Nxf6+ Bxf6 32. Qxf6 Re4 33. Bh6 Qc7
34. Bxe6+ Rxe6 35. Qxe6+ Kh8 36. Rc1 Qxc1+ 37. Bxc1 Rxc1+ 38. Kg2 1-0

[Event "Werner-Ott-Open Kreuzberger Sommer 2017"]
[Site "Berlin"]
[Date "2017.07.21"]
[Round "7.14"]
[White "Plaza Reino, Agustin"]
[Black "Weber, Erwin"]
[Result "1/2-1/2"]
[WhiteElo "1861"]
[BlackElo "2079"]
[PlyCount "106"]
[EventDate "2017.07.15"]
[EventType "swiss"]
[EventRounds "9"]
[EventCountry "GER"]
[SourceTitle "WOOKS 2017"]
[Source "SC Kreuzberg"]
[SourceDate "2017.07.21"]
[SourceVersion "1"]
[SourceVersionDate "2017.07.21"]
[SourceQuality "1"]
[WhiteTeam "Enniscorthy CC"]
[BlackTeam "SF Berlin 1903"]
[WhiteTeamCountry "IRL"]
[BlackTeamCountry "GER"]

1. e4 e6 2. d4 d5 3. Nd2 a6 4. Ngf3 c5 5. exd5 exd5 6. Be2 Nf6 7. O-O cxd4 8.
Re1 Be7 9. Nxd4 O-O 10. N2f3 Nc6 11. Bg5 h6 12. Bh4 g5 13. Bg3 Ne4 14. Bd3 f5
15. Be5 Nxe5 16. Nxe5 Bd6 17. Bxe4 dxe4 18. Nc4 Bxh2+ 19. Kxh2 Qc7+ 20. Kh1
Qxc4 21. c3 b5 22. Nb3 Qf7 23. Nc5 Ra7 24. a4 bxa4 25. Rxa4 Re7 26. Qd6 Qh5+
27. Kg1 Ref7 28. Nxa6 f4 29. Rexe4 f3 30. g4 Qh3 31. Qh2 Qg2+ 32. Qxg2 fxg2 33.
Re2 Bb7 34. Nc5 Bc6 35. Ra6 Bf3 36. Rg6+ Rg7 37. Rxg7+ Kxg7 38. Re3 Rf7 39. Nd3
Bd5 40. Ne1 Rf4 {(=)} 41. Rg3 Re4 42. Nxg2 Re2 43. b4 Rc2 44. Ne3 Rc1+ 45. Nf1
Bc4 46. Re3 Rxf1+ 47. Kg2 Rd1 48. Kf3 Kf6 49. Re8 Bb5 50. Rf8+ Kg7 51. Rc8 Ba6
52. Rc7+ Kf8 53. Ke3 Rd6 {(=)} 1/2-1/2

[Event "Werner-Ott-Open Kreuzberger Sommer 2017"]
[Site "Berlin"]
[Date "2017.07.21"]
[Round "7.15"]
[White "Burchardt, Brigitte"]
[Black "Schwedek, Tony"]
[Result "1-0"]
[WhiteElo "2194"]
[BlackElo "1940"]
[PlyCount "65"]
[EventDate "2017.07.15"]
[EventType "swiss"]
[EventRounds "9"]
[EventCountry "GER"]
[SourceTitle "WOOKS 2017"]
[Source "SC Kreuzberg"]
[SourceDate "2017.07.21"]
[SourceVersion "1"]
[SourceVersionDate "2017.07.21"]
[SourceQuality "1"]
[WhiteTeam "SC Rotation Pankow"]
[BlackTeam "SC Zitadelle Spandau 1977"]
[WhiteTeamCountry "GER"]
[BlackTeamCountry "GER"]

1. e4 c5 2. Nc3 a6 3. g3 b5 4. Bg2 Bb7 5. d3 e6 6. Nf3 d6 7. O-O Nf6 8. h3 Nbd7
9. Qe2 Be7 10. Nh2 b4 11. Nd1 O-O 12. f4 Qc7 13. Nf2 Rfc8 14. g4 d5 15. g5 Ne8
16. exd5 e5 17. Nhg4 Bd6 18. Ne4 Bf8 19. Ng3 exf4 20. Bxf4 Bd6 21. Bxd6 Nxd6
22. Qf2 Nb6 23. Nf5 Nxf5 24. Qxf5 Qd7 25. Qxd7 Nxd7 26. c4 bxc3 27. bxc3 c4 28.
Rab1 Rab8 29. dxc4 Rxc4 30. Rfe1 Kf8 31. Ne5 Nxe5 32. Rxe5 Rcc8 33. c4 1-0

[Event "Werner-Ott-Open Kreuzberger Sommer 2017"]
[Site "Berlin"]
[Date "2017.07.21"]
[Round "7.16"]
[White "Di Candia, Roberto"]
[Black "Bolk, Matthias"]
[Result "0-1"]
[WhiteElo "1900"]
[BlackElo "2081"]
[PlyCount "76"]
[EventDate "2017.07.15"]
[EventType "swiss"]
[EventRounds "9"]
[EventCountry "GER"]
[SourceTitle "WOOKS 2017"]
[Source "SC Kreuzberg"]
[SourceDate "2017.07.21"]
[SourceVersion "1"]
[SourceVersionDate "2017.07.21"]
[SourceQuality "1"]
[WhiteTeam "SF Berlin 1903"]
[BlackTeam "SC Kreuzberg"]
[WhiteTeamCountry "GER"]
[BlackTeamCountry "GER"]

1. e4 c5 2. Nf3 d6 3. Bc4 Nc6 4. O-O g6 5. Re1 Bg7 6. c3 e6 7. Bb3 Nge7 8. d3
O-O 9. Nbd2 b5 10. Nf1 a5 11. a3 Bb7 12. Ng3 b4 13. d4 cxd4 14. cxd4 Nc8 15.
Bg5 Qd7 16. a4 Nb6 17. d5 Ne5 18. Nxe5 Bxe5 19. dxe6 fxe6 20. Qg4 Rae8 21. Be3
Nc8 22. Rad1 Kh8 23. Bd4 Bxd4 24. Rxd4 Qg7 25. Red1 Qe5 26. Ne2 Ba6 27. g3 h5
28. Qxg6 Bxe2 29. Qh6+ Kg8 30. Qg6+ Qg7 31. Bxe6+ Kh8 32. Qxg7+ Kxg7 33. R1d2
Bf3 34. Bd5 Nb6 35. Bc6 Rc8 36. Rxd6 Nc4 37. Rd7+ Kh8 38. R2d6 Nxd6 0-1

[Event "Werner-Ott-Open Kreuzberger Sommer 2017"]
[Site "Berlin"]
[Date "2017.07.21"]
[Round "7.17"]
[White "Kirchhof, Arno"]
[Black "Krueger, Robin Kevin"]
[Result "1/2-1/2"]
[WhiteElo "2075"]
[BlackElo "1913"]
[PlyCount "60"]
[EventDate "2017.07.15"]
[EventType "swiss"]
[EventRounds "9"]
[EventCountry "GER"]
[SourceTitle "WOOKS 2017"]
[Source "SC Kreuzberg"]
[SourceDate "2017.07.21"]
[SourceVersion "1"]
[SourceVersionDate "2017.07.21"]
[SourceQuality "1"]
[WhiteTeam "SC Zugzwang 95"]
[BlackTeam "MTV Tostedt"]
[WhiteTeamCountry "GER"]
[BlackTeamCountry "GER"]

1. d4 d5 2. Nf3 c5 3. dxc5 e6 4. e4 Bxc5 5. exd5 exd5 6. Bb5+ Nc6 7. c3 Nf6 8.
O-O O-O 9. Nbd2 Bg4 10. Nb3 Bb6 11. Be2 Qd6 12. Nfd4 Bxd4 13. Nxd4 Bxe2 14.
Nxe2 Rad8 15. Nd4 Rfe8 16. Be3 Ne4 17. Re1 a6 18. Qc2 Rc8 19. Rad1 h6 20. f3
Nxd4 21. Bxd4 Ng5 22. Rxe8+ Rxe8 23. Qd2 Qe6 24. Kf2 Qf5 25. Kg1 Qe6 26. Qf2
Qe2 27. Rd2 Qc4 28. b3 Qc6 29. Re2 Ne6 30. Qe1 Rc8 {(=)} 1/2-1/2

[Event "Werner-Ott-Open Kreuzberger Sommer 2017"]
[Site "Berlin"]
[Date "2017.07.21"]
[Round "7.18"]
[White "Ruether, Marc"]
[Black "Wirth, Heinz"]
[Result "0-1"]
[WhiteElo "1825"]
[BlackElo "2067"]
[PlyCount "68"]
[EventDate "2017.07.15"]
[EventType "swiss"]
[EventRounds "9"]
[EventCountry "GER"]
[SourceTitle "WOOKS 2017"]
[Source "SC Kreuzberg"]
[SourceDate "2017.07.21"]
[SourceVersion "1"]
[SourceVersionDate "2017.07.21"]
[SourceQuality "1"]
[WhiteTeam "Queer-Springer SSV"]
[BlackTeam "SC Weisse Dame"]
[WhiteTeamCountry "GER"]
[BlackTeamCountry "GER"]

1. e4 c5 2. c3 Nf6 3. e5 Nd5 4. d4 cxd4 5. Nf3 Nc6 6. cxd4 d6 7. Bc4 Nb6 8. Bb3
dxe5 9. d5 Na5 10. Nc3 Nxb3 11. Qxb3 e6 12. Nxe5 Bd6 13. Qb5+ Kf8 14. Bf4 exd5
15. O-O Be6 16. Nd7+ Bxd7 17. Bxd6+ Kg8 18. Qb4 a5 19. Qf4 Rc8 20. Rfe1 Be6 21.
Nb5 Nc4 22. Nd4 Qxd6 23. Nxe6 fxe6 24. Qg4 Re8 25. b3 Ne5 26. Qf4 Nf7 27. Qa4
Ra8 28. Rac1 h6 29. Rc3 Kh7 30. Rce3 e5 31. Rf3 Ng5 32. Rf5 Ne4 33. Rf7 Rhf8
34. Rxb7 Nc5 0-1

[Event "Werner-Ott-Open Kreuzberger Sommer 2017"]
[Site "Berlin"]
[Date "2017.07.21"]
[Round "7.19"]
[White "Sechting, Martin"]
[Black "Roho, Kevin"]
[Result "1-0"]
[WhiteElo "2021"]
[BlackElo "1888"]
[PlyCount "121"]
[EventDate "2017.07.15"]
[EventType "swiss"]
[EventRounds "9"]
[EventCountry "GER"]
[SourceTitle "WOOKS 2017"]
[Source "SC Kreuzberg"]
[SourceDate "2017.07.21"]
[SourceVersion "1"]
[SourceVersionDate "2017.07.21"]
[SourceQuality "1"]
[WhiteTeam "SC Weisse Dame"]
[BlackTeam "SC Weisse Dame"]
[WhiteTeamCountry "GER"]
[BlackTeamCountry "GER"]

1. d4 d5 2. Nf3 c6 3. e3 e6 4. Bd3 Bd6 5. O-O f5 6. b3 Nf6 7. c4 Qe7 8. a4 O-O
9. Ba3 Bxa3 10. Nxa3 Ne4 11. Ne5 Bd7 12. f3 Nf6 13. c5 Be8 14. b4 Nbd7 15. Nxd7
Nxd7 16. Qc2 Bg6 17. f4 Nf6 18. h3 Be8 19. Nb1 Ne4 20. Nc3 h6 21. Nxe4 fxe4 22.
Be2 Rb8 23. b5 Bd7 24. Kh2 Kh8 25. Qc3 Qd8 26. Rab1 Rg8 27. g3 Rf8 28. b6 a6
29. Rf2 Qe7 30. Rbf1 Rf6 31. Kg2 Rbf8 32. Qe1 Bc8 33. Kh2 Qf7 34. Kg1 g6 35.
Kg2 Kg8 36. a5 Kh7 {(=)} 37. g4 g5 38. Kg3 Qg6 39. h4 gxh4+ 40. Kxh4 Rg8 41.
Rg1 Qf7 42. Kg3 Kg7 43. Rh2 Kf8 44. Rgh1 Qg7 45. Rh4 Rg6 46. Qd1 Ke7 47. Kf2
Rf8 48. g5 Rxg5 49. Rxh6 Rg2+ 50. Ke1 Rg1+ 51. Rxg1 Qxg1+ 52. Kd2 Qxd1+ 53.
Kxd1 Rg8 54. Rh7+ Kd8 55. Rh1 Rg3 56. Kd2 Kd7 57. Bf1 Rg8 58. Rh7+ Kd8 59. Ke1
Bd7 60. Kf2 Bc8 61. Bxa6 1-0